Top 100 natural wonders of korean national parks (Registro nro. 19036)

Detalles MARC
000 -CABECERA
Campo de control 00759nam a2200217 a 4500
005 - FECHA Y HORA DE LA ULTIMA TRANSACCION
Campo de control 20160919093117.0
008 - ELEMENTOS DE LONGITUD FIJA—INFORMACION GENERAL
Campo de control 160919b2011 ko ao|||r|||| 00| 0 eng d
020 ## - ISBN
ISBN 9788990126436
040 ## - FUENTE DE CATALOGACIÓN
Agencia catalogadora original CO-BoIAVH
Agencia transcriptora CO-BoIAVH
041 0# - IDIOMA
Código de idioma para texto/pista de sonido o título separado Inglés
044 ## - PAÍS DE PUBLICACIÓN
País de publicación Corea (Sur)
082 04 - NUMERO DE CLASIFICACION DECIMAL DEWEY
Número de clasificación 333.71
Número del ítem T67n
245 00 - MENCION DE TITULO
Título Top 100 natural wonders of korean national parks
260 ## - PUBLICACION, DISTRIBUCION, ETC. (PIE DE IMPRENTA)
Lugar de publicación, distribución, etc. Seúl, Corea del Sur :
Nombre del editor, distribuidor, etc. Korea National Park Service,
Fecha de publicación, distribución, etc. c2011.
300 ## - DESCRIPCION FISICA
Extensión 201 páginas :
Otros detalles físicos ilustraciones a color y fotografías a color ;
Dimensiones 22 x 30 cm.
650 26 - ASIENTO SECUNDARIO DE MATERIA - TERMINO TEMATICO
Término temático o nombre geográfico como elemento de entrada Parques nacionales
Subdivisión geográfica Corea del Sur
9 (RLIN) 76371
650 26 - ASIENTO SECUNDARIO DE MATERIA - TERMINO TEMATICO
Término temático o nombre geográfico como elemento de entrada Reservas naturales
Subdivisión geográfica Corea del Sur
9 (RLIN) 76372
650 26 - ASIENTO SECUNDARIO DE MATERIA - TERMINO TEMATICO
Término temático o nombre geográfico como elemento de entrada Zonas protegidas
Subdivisión geográfica Corea del Sur
9 (RLIN) 76373
710 2# - ASIENTO SECUNDARIO - NOMBRE CORPORATIVO
Nombre corporativo o de jurisdicción como elemento de entrada Korea National Park Service
9 (RLIN) 76370
942 ## - ELEMENTOS ADICIONALES (KOHA)
Sistema de clasificación Dewey Decimal Classification
Tipo de ítem Libro
Existencias
Withdrawn status Lost status Sistema de Clasificación Damaged status No para préstamo Colección Inventariado Ubicación Permanente Ubicación actual Fecha de adquisición Fuente de Valor Valor Total Checkouts Número topográfico Inventario / Código de Barras Date last seen Ejemplar Price effective from Forma de adquisición Tipo de material
    Dewey Decimal Classification     General Inventariado 2017 Bogotá Bogotá 19/09/2016 Instituto 39000.00   LB-333.71 T67n 040697 19/09/2016 Ej. 1 19/09/2016 Donación Libro